Qui a dit cette réplique Marvel #8 - Statistiques

Statistiques générales
  • Ce quiz a été pris 798 fois
    293 depuis la dernière actualisation
  • Le résultat moyen est 8 sur 19
Statistiques - réponses
Hint Réplique Réponse % Correct
2 J'ai passé 18 mois dans le labo gamma. J'ai pris le cerveau et les muscles, je les ai réunis. Hulk (Bruce Banner)
97%
18 Résultat Captain on vient de perdre et tu n'étais pas la ! Iron man (Tony Stark)
93%
4 On a attendu deux jours que Tony Stark nous tue. La sorcière rouge (Wanda Maximoff)
82%
15 Vous l'avez trouver sur youtube, c'est ça ? J'imagine que ça vient de là. Spider man (Peter Parker)
79%
5 Faut toujours que je ramasse derrière vous les gars. Black Widow (Natasha Romanoff)
78%
11 Quand je vois qu'une situation dégénère il faut que j'intervienne. Captain America (Steve Rogers)
78%
16 Je vais mourir en compagnie des pires dégénérés de la Galaxie... Gamora
70%
14 Ta perdu, c'est tout. Thor
69%
1 J'ai fais des trucs stupides et résultats ce sont les personnes que j'aime le plus qui finissent par le payer. Ant man (Scott Lang)
39%
9 J'aurais le contrôle quand j'aurais renoncé au contrôle. Doctor Strange (Stephen Strange)
38%
3 Il ne leur a laissé aucune chance. Il les a assassinées de sang froid ! Drax
31%
19 Chéri tu n'a aucune idée de ce qui est possible. Hela
20%
12 Je suis navré d'en arriver là. Vous ne vous serez sacrifié que pour l'orgueil. Baron Zemo
17%
10 Tu vas subir toute la puissance d'une étoile ! Ça va te tuer. Eitri
12%
7 Si on ne descend pas du ciel avec une cape dans le dos, qu'on n'envoie pas de lasers c'est simple : personne ne vous écoute. Mystério (Quentin Beck)
10%
8 Nous avions ordres de rester en dehors des conflits qui n'impliquaient pas les déviants. Sersi
8%
6 Crois tu réellement que parce que tu as une idée elle n'appartient qu'a toi ? Obadiah Stane
6%
17 J'ai des troubles du sommeil, j'arrive pas à distinguer mes rêves de la réalité. Marc Spector
5%
13 Y a rien de plus rassurant que de constater que le monde est encore plus cinglé qu'on ne l'est. Erik Selvig
3%
Aucun quiz correspondant
Distribution des résultats
% des personnes avec chaque résultat
Percentile par nombre de réponses
Votre historique - résultats
Vous n’avez pas pris ce quiz depuis la dernière actualisation